Kuroko no basket: Seirin's results in all games - Statistics

General Stats
  • This quiz has been taken 34 times
  • The average score is 5 of 14
Answer Stats
Hint Answer % Correct
Practice game:Seirin v Kaijo Winner Seirin:100-98
69%
Winter cup round 1:Seirin v To'o 2 Winner Seirin:101-100
50%
Winter cup finals:Seirin v Rakuzan Winner Seirin:106-105
46%
Winter cup semi finals:Seirin v Kaijo 2 Winner Seirin:81-80
46%
Championship League:Seirin v Shutoku 2 Draw:104-104
42%
Interhigh Finals:Seirin v Shutoku Winner Seirin:82-81
42%
Interhigh Semi finals:Seirin v Seiho Winner Seirin:73-71
27%
Winter cup quarter finals:Seirin v Yosen Winner Seirin:73-72
23%
Interhigh prelims:Seirin v Shinkyo Winner Seirin:79-67
23%
Winter cup prelims:Seirin v Josei Winner Seirin:108-61
19%
Championship League:Seirin v Senshinkan Winner Seirin:78-61
19%
Interhigh Championships:Seirin v To'o Winner To'o:55-112
19%
Championship League:Seirin v Kirisaki Daiichi Winner Seirin:78-70
15%
Winter cup round 2:Seirin v Nakamiya South Winner Seirin:83-77
15%
No matching quizzes found
Score Distribution
Percent of People with Each Score
Percentile by Number Answered
Your Score History
You have not taken this quiz